| 000 | 00505nam a2200193Ia 4500 | ||
|---|---|---|---|
| 005 | 20250819135330.0 | ||
| 008 | 008 250516s9999 xx 000 0 hin d | ||
| 020 | _a9789389830897 | ||
| 040 |
_beng _cSDCL |
||
| 041 |
_ahin _2hin |
||
| 084 | _aO152,3M80:g, R1 | ||
| 100 |
_aApoorvanand _9406918 |
||
| 245 | 0 | _aYeh Premchand Hain | |
| 246 | _aयह प्रेमचंद हैं | ||
| 260 |
_aNoida: _bSetu Prakashan, _c2021. |
||
| 300 | _a406p. | ||
| 650 | _aHindi | ||
| 942 |
_cTEXL _2CC |
||
| 999 |
_c1430726 _d1430726 |
||